Länder in ihrer Muttersprache - Statistiken

Allgemein
  • Dieses Quiz wurde 18.750 mal gespielt
    18.651 seit der letzten Aktualisierung
  • Das Durchschnittsergebnis liegt bei 16 aus 24
Antwortstatistiken
Heimisch Deutsch % Korrekt
United Kingdom Vereinigtes Königreich
99%
Ísland Island
98%
Italia Italien
98%
Nederland  Niederlande
98%
Polska Polen
98%
España Spanien
98%
Lietuva Litauen
94%
Česká Republika Tschechien
94%
Civitas Vaticana Vatikanstadt
82%
Mongol Uls Mongolei
81%
Kypros Zypern
77%
Hellas Griechenland
74%
Norge Norwegen
68%
Hrvatska Kroatien
67%
Kampuchea Kambodscha
55%
Éire Irland
54%
Ityop'ia Äthiopien
46%
Suomi Finnland
42%
Magyarország Ungarn
40%
Nihon Japan
39%
Al-Jazā'ir Algerien
22%
Belau Palau
21%
Aotearoa Neuseeland
15%
Miṣr Ägypten
10%
Keine übereinstimmenden Quizze gefunden
Verteilung der Resultate
Anzahl Personen mit jedem Resultat
Perzentil nach korrekt beantworteten Fragen
Ihre Resultats-Entwicklung
Sie haben dieses Quiz seit der letzten Aktualisierung nicht gespielt